Návratnost výběru daní z příjmu osob samostatně výdělečně činných z pohledu státu
Verejné financie patria medzi doležitú oblasť v pôsobnosti štátu. Vyčíslenie výdavkov štátu z výberu daní z príjmov samostatne zárobkovo činných osôb (SZČO). Výdavky finančnej správy spojené s inkasom tejto dane. Porovnanie návratnosti výdavkov pri výbere daní SZČO z makroekonomického hľadiska.
Salvato in:
| Autore principale: | |
|---|---|
| Natura: | Capitolo di libro |
| Lingua: | ceco |
| Soggetti: | |
| Tags: |
Nessun Tag, puoi essere il primo ad aggiungerne!!
|
MARC
| LEADER | 00000naa a2200000 4500 | ||
|---|---|---|---|
| 001 | 0229493 | ||
| 005 | 20220805075632.9 | ||
| 041 | 0 | |a cze | |
| 044 | |a CZ | ||
| 245 | 1 | 0 | |a Návratnost výběru daní z příjmu osob samostatně výdělečně činných z pohledu státu |c Lenka Říhová |
| 520 | |a Verejné financie patria medzi doležitú oblasť v pôsobnosti štátu. Vyčíslenie výdavkov štátu z výberu daní z príjmov samostatne zárobkovo činných osôb (SZČO). Výdavky finančnej správy spojené s inkasom tejto dane. Porovnanie návratnosti výdavkov pri výbere daní SZČO z makroekonomického hľadiska. | ||
| 610 | 2 | 0 | |a financie verejné |
| 610 | 2 | 0 | |a rozpočet štátny |
| 610 | 2 | 0 | |a správa finančná |
| 610 | 2 | 0 | |a výdavky |
| 610 | 2 | 0 | |a dane z príjmov |
| 610 | 2 | 0 | |a osoby samostatne zárobkovo činné |
| 610 | 2 | 0 | |a Česko |
| 100 | 1 | |a Říhová, Lenka | |